Countries with the Most Debt - Statistics

General Stats
  • This quiz has been taken 34 times
  • The average score is 17 of 20
Answers on the Map
Answers color-coded by a green-red scale on the quiz's map according to % correct below.
 
Answer Stats
Answer Debt in Trillions % Correct
United States $32.9T
100%
Brazil $1.8T
97%
China $15T
97%
France $3.4T
97%
Italy $3.1T
97%
Spain $1.7T
97%
United Kingdom $3.4T
97%
Australia $.867T
94%
Canada $2.3T
94%
Germany $2.8T
94%
Argentina $1T
90%
India $3T
90%
Japan $10.9T
90%
Mexico $.793T
90%
Indonesia $.543T
81%
Poland $.403T
81%
South Korea $.947T
77%
Netherlands $.520T
71%
Belgium $.665T
55%
Singapore $.888T
29%
No matching quizzes found
Score Distribution
Percent of People with Each Score
Percentile by Number Answered
Your Score History
You have not taken this quiz